[Event "Regionalliga NW 1213"]
[Site "Bayern"]
[Date "2013.04.14"]
[Round "9.7"]
[White "Becker, Alexander1"]
[Black "Steiner, Sascha"]
[Result "0-1"]
[WhiteElo "1945"]
[BlackElo "1853"]
[PlyCount "108"]
[EventDate "2012.10.14"]
[EventType "team-tourn"]
[EventRounds "9"]
[EventCountry "GER"]
[SourceTitle "EXT 2015"]
[Source "ChessBase"]
[SourceDate "2014.11.20"]
[SourceVersion "1"]
[SourceVersionDate "2014.11.20"]
[SourceQuality "1"]
[WhiteTeam "Kronach"]
[BlackTeam "Stetten"]
[WhiteTeamCountry "GER"]
[BlackTeamCountry "GER"]

1. d4 d5 2. c4 e6 3. Nf3 Nf6 4. g3 c6 5. Bg2 Nbd7 6. Qc2 Bb4+ 7. Nbd2 Ne4 8. 0-0 Nxd2 9. Bxd2 Qa5 10. Bf4 dxc4 11. a3 Be7 12. Qxc4 Nb6 13. Qc2 Nd5 14. Bd2 Qb6 15. e4 Nf6 16. Rac1 Bd7 17. Be3 Qb5 18. Ne5 0-0 19. Rfd1 Rfd8 20. b4 Be8 21. d5 cxd5 22. Bf1 Qa4 23. Qb2 Nxe4 24. f3 Nd6 25. Be2 Rac8 26. Bd4 f6 27. Ng4 Nc4 28. Bxc4 Rxc4 29. Re1 Qc6 30. Rcd1 Qd7 31. Bxa7 Bh5 32. Ne3 Rc6 33. g4 Bg6 34. b5 Rcc8 35. Bb6 Re8 36. a4 Bc5 37. Bxc5 Rxc5 38. Qd4 Rec8 39. h4 e5 40. Qb4 d4 41. h5 Bf7 42. Nf5 Be6 43. Ng3 Rc4 44. Qa5 d3 45. Re4 Rc1 46. Ree1 Qd4+ 47. Kf1 Rxd1 48. Rxd1 Qe3 49. Kg2 Rc2+ 50. Kh3 Qxf3 51. Rd2 Qxg4+ 52. Kh2 Qh3+ 53. Kg1 Qxg3+ 54. Kf1 Rc1+ 0-1

[Event "Regionalliga NW 1213"]
[Site "Bayern"]
[Date "2012.11.25"]
[Round "3.7"]
[White "Wuest, Michael"]
[Black "Steiner, Sascha"]
[Result "1-0"]
[WhiteElo "1889"]
[BlackElo "1853"]
[PlyCount "119"]
[EventDate "2012.10.14"]
[EventType "team-tourn"]
[EventRounds "9"]
[EventCountry "GER"]
[SourceTitle "EXT 2015"]
[Source "ChessBase"]
[SourceDate "2014.11.20"]
[SourceVersion "1"]
[SourceVersionDate "2014.11.20"]
[SourceQuality "1"]
[WhiteTeam "Hof"]
[BlackTeam "Stetten"]
[WhiteTeamCountry "GER"]
[BlackTeamCountry "GER"]

1. d4 d5 2. c4 e6 3. Nc3 c6 4. cxd5 exd5 5. Qc2 Nf6 6. Bg5 Be7 7. e3 Ne4 8. Bxe7 Qxe7 9. Nxd5 cxd5 10. Qxc8+ Qd8 11. Qxd8+ Kxd8 12. Nf3 Nd7 13. Bd3 f5 14. 0-0 Rc8 15. Rac1 Ke7 16. g3 h6 17. Nh4 Kf6 18. Nxf5 Kxf5 19. f3 Kg5 20. fxe4 dxe4 21. Bxe4 Rxc1 22. Rxc1 Re8 23. Rc7 Rxe4 24. Rxd7 Rxe3 25. Rxg7+ Kf6 26. Rxb7 Re2 27. Rxa7 Rxb2 28. Ra6+ Kg5 29. d5 h5 30. Ra4 Rd2 31. h4+ Kf5 32. Rf4+ Kg6 33. Rf2 Rxd5 34. Kg2 Rd1 35. a3 Ra1 36. Rf3 Ra2+ 37. Kh3 Kg7 38. g4 hxg4+ 39. Kxg4 Kg6 40. h5+ Kh6 41. Rf6+ Kg7 42. Ra6 Rg2+ 43. Kf3 Rh2 44. h6+ Kh7 45. a4 Ra2 46. Ke4 Ra1 47. Kd4 Rc1 48. a5 Rc2 49. Rb6 Rc1 50. Kd5 Ra1 51. a6 Ra2 52. Kc6 Rf2 53. a7 Rf6+ 54. Kb7 Rf7+ 55. Ka6 Rf1 56. Rb8 Rf6+ 57. Kb5 Rf5+ 58. Kc4 Rf4+ 59. Kd5 Rf5+ 60. Ke4 1-0

[Event "Regionalliga NW 1213"]
[Site "Bayern"]
[Date "2012.11.11"]
[Round "2.6"]
[White "Ros, Peter"]
[Black "Steiner, Sascha"]
[Result "1-0"]
[WhiteElo "1691"]
[BlackElo "1853"]
[PlyCount "101"]
[EventDate "2012.10.14"]
[EventType "team-tourn"]
[EventRounds "9"]
[EventCountry "GER"]
[SourceTitle "EXT 2015"]
[Source "ChessBase"]
[SourceDate "2014.11.20"]
[SourceVersion "1"]
[SourceVersionDate "2014.11.20"]
[SourceQuality "1"]
[WhiteTeam "Coburg"]
[BlackTeam "Stetten"]
[WhiteTeamCountry "GER"]
[BlackTeamCountry "GER"]

1. d4 d5 2. Nf3 Nf6 3. c4 c6 4. cxd5 cxd5 5. Nc3 Nc6 6. Bf4 Qb6 7. Qd2 e6 8. a3 Na5 9. Rb1 Nc4 10. Qc1 Bd7 11. e3 Rc8 12. Bxc4 Rxc4 13. Ne5 Rc8 14. Nxd7 Nxd7 15. 0-0 Bd6 16. Bxd6 Qxd6 17. Nb5 Qc6 18. Nd6+ Ke7 19. Nxc8+ Rxc8 20. Qxc6 Rxc6 21. Rfc1 Rb6 22. b4 Kd6 23. Kf1 Ra6 24. Rb3 Nb6 25. Ke2 Nc4 26. Rcc3 b5 27. f3 Ke7 28. e4 Kf6 29. exd5 exd5 30. Kf2 Kf5 31. Rc2 Kf6 32. Re2 h6 33. h4 g6 34. g4 g5 35. Kg3 Rd6 36. hxg5+ hxg5 37. f4 gxf4+ 38. Kxf4 a6 39. g5+ Kg6 40. Rh2 Kg7 41. Rbh3 Kf8 42. Rh6 Rg6 43. Rxg6 fxg6 44. Ra2 Kf7 45. a4 Nd6 46. axb5 Nxb5 47. Ke5 Nc7 48. Ra5 Ke7 49. Rc5 Ne6 50. Rc6 Nxg5 51. Rxg6 1-0

[Event "Unterfranken-ch HA 48th"]
[Site "Bergrheinfeld"]
[Date "1997.??.??"]
[Round "7"]
[White "Hassler, Guenther"]
[Black "Steiner, Sascha"]
[Result "1-0"]
[WhiteElo "1877"]
[BlackElo "1742"]
[PlyCount "47"]
[EventDate "1997.03.31"]
[EventType "swiss"]
[EventRounds "9"]
[EventCountry "GER"]
[SourceTitle "EXT 2015"]
[Source "ChessBase"]
[SourceDate "2014.11.20"]
[SourceVersion "1"]
[SourceVersionDate "2014.11.20"]
[SourceQuality "1"]

1. e4 e5 2. Nf3 Nc6 3. Bc4 Bc5 4. c3 d6 5. d4 exd4 6. cxd4 Bb6 7. Bg5 Nge7 8. Nc3 0-0 9. h3 Qe8 10. 0-0 Ng6 11. Nd5 Be6 12. Nxb6 axb6 13. d5 Na5 14. Bd3 Bd7 15. b4 f6 16. Be3 Qb8 17. bxa5 bxa5 18. a4 b5 19. axb5 Bxb5 20. Rb1 Bxd3 21. Rxb8 Raxb8 22. Qxd3 a4 23. Ra1 Rb4 24. Rb1 1-0

[Event "Unterfranken-ch HA 48th"]
[Site "Bergrheinfeld"]
[Date "1997.??.??"]
[Round "1"]
[White "Mangold, Stefan"]
[Black "Steiner, Sascha"]
[Result "0-1"]
[WhiteElo "1502"]
[BlackElo "1742"]
[PlyCount "100"]
[EventDate "1997.03.31"]
[EventType "swiss"]
[EventRounds "9"]
[EventCountry "GER"]
[SourceTitle "EXT 2015"]
[Source "ChessBase"]
[SourceDate "2014.11.20"]
[SourceVersion "1"]
[SourceVersionDate "2014.11.20"]
[SourceQuality "1"]

1. d4 d5 2. Bf4 Nf6 3. Nc3 e6 4. Nf3 c5 5. Be5 Nbd7 6. e3 Nxe5 7. dxe5 Nd7 8. Be2 Be7 9. 0-0 0-0 10. b3 b6 11. a4 Bb7 12. Bb5 Rc8 13. Bxd7 Qxd7 14. Re1 f6 15. e4 d4 16. Qd3 fxe5 17. Nb5 a6 18. Na3 Bf6 19. Nc4 Qc7 20. g4 g6 21. g5 Bg7 22. Kh1 Rf4 23. Ncd2 Rcf8 24. Re2 Qf7 25. Rg1 Rxf3 26. Nxf3 Qxf3+ 27. Qxf3 Rxf3 28. Rg3 Rxg3 29. hxg3 h6 30. f3 hxg5 31. g4 b5 32. axb5 axb5 33. Kg2 Bf8 34. Re1 Kf7 35. Ra1 Kf6 36. Ra7 Bc6 37. Rc7 Be8 38. Kf2 Bd6 39. Ra7 c4 40. Ke2 cxb3 41. cxb3 Bb4 42. Rb7 Bc3 43. Kd3 Bb4 44. Rc7 Bd6 45. Ra7 Be7 46. Rc7 Kf7 47. Kc2 Kf8 48. Rxe7 Kxe7 49. b4 Kd6 50. Kd3 Bc6 0-1

[Event "Unterfranken-ch HA 48th"]
[Site "Bergrheinfeld"]
[Date "1997.??.??"]
[Round "6"]
[White "Ruefner, Achim"]
[Black "Steiner, Sascha"]
[Result "0-1"]
[WhiteElo "1690"]
[BlackElo "1742"]
[PlyCount "154"]
[EventDate "1997.03.31"]
[EventType "swiss"]
[EventRounds "9"]
[EventCountry "GER"]
[SourceTitle "EXT 2015"]
[Source "ChessBase"]
[SourceDate "2014.11.20"]
[SourceVersion "1"]
[SourceVersionDate "2014.11.20"]
[SourceQuality "1"]

1. f4 Nf6 2. e3 Nc6 3. Nf3 b6 4. b3 e6 5. Bb2 Bb7 6. Bb5 Be7 7. 0-0 0-0 8. Bxc6 Bxc6 9. d3 Ng4 10. Qe2 Bc5 11. d4 Be7 12. Nbd2 f5 13. c4 Bb7 14. h3 Nf6 15. Ng5 h6 16. Ngf3 Ne4 17. Nxe4 Bxe4 18. Ne5 Qe8 19. g4 d6 20. Nd3 Qg6 21. Nf2 Bb7 22. Kh2 Bf6 23. Rg1 Qe8 24. gxf5 exf5 25. d5 Kh7 26. Bxf6 Rxf6 27. Rae1 Rg6 28. Nh1 Rxg1 29. Rxg1 Qf7 30. Ng3 Rg8 31. e4 fxe4 32. Qxe4+ g6 33. f5 gxf5 34. Nxf5 Rxg1 35. Ng3+ Qg6 36. Qe7+ Qg7 37. Qe4+ Qg6 38. Qe7+ Qg7 39. Qe4+ Kh8 40. Qe8+ Qg8 41. Qxg8+ Kxg8 42. Kxg1 Bc8 43. Kg2 Kf7 44. Ne2 Bf5 45. Kg3 Kf6 46. Kf4 Bxh3 47. Nd4 Bd7 48. a3 a5 49. Nf3 h5 50. Ng5 Bf5 51. Nf3 Bg4 52. Nd4 Bd7 53. Nf3 Bf5 54. Nd4 Bd7 55. Nf3 a4 56. b4 Bf5 57. Nd4 Bd3 58. Nb5 Bxc4 59. Nxc7 h4 60. b5 h3 61. Kg3 Ke5 62. Na8 Bxb5 63. Nxb6 Kd4 64. Kxh3 Kc5 65. Na8 Kxd5 66. Kg3 Kc4 67. Kf4 Kb3 68. Kf5 d5 69. Ke5 Bc4 70. Kd4 Kxa3 71. Kc3 Bb3 72. Nb6 Ka2 73. Nd7 Kb1 74. Nc5 Ka2 75. Nd3 Bc4 76. Nb4+ Kb1 77. Nxd5 Bxd5 0-1

[Event "Unterfranken-ch HA 48th"]
[Site "Bergrheinfeld"]
[Date "1997.??.??"]
[Round "2"]
[White "Steiner, Sascha"]
[Black "Bergmann, Heribert"]
[Result "1/2-1/2"]
[WhiteElo "1742"]
[BlackElo "1608"]
[PlyCount "95"]
[EventDate "1997.03.31"]
[EventType "swiss"]
[EventRounds "9"]
[EventCountry "GER"]
[SourceTitle "EXT 2015"]
[Source "ChessBase"]
[SourceDate "2014.11.20"]
[SourceVersion "1"]
[SourceVersionDate "2014.11.20"]
[SourceQuality "1"]

1. d4 d5 2. c4 c6 3. Nc3 Nf6 4. cxd5 cxd5 5. Nf3 Nc6 6. Bg5 e6 7. e3 Be7 8. Bb5 Bd7 9. 0-0 0-0 10. Rc1 Rc8 11. Na4 Ne4 12. Bxe7 Nxe7 13. Rxc8 Qxc8 14. Bxd7 Qxd7 15. Ne5 Qc7 16. Nc5 Nxc5 17. Qd2 Ne4 18. Qd3 Rc8 19. f3 Nf6 20. Qa3 a6 21. Nd3 Qd8 22. Nc5 Rc7 23. Qa5 Nd7 24. Nxb7 Qb8 25. Nc5 Nxc5 26. dxc5 Qb7 27. Rc1 Nc6 28. Qc3 Nb4 29. Qb3 Nc6 30. Qc3 Qb4 31. a3 Qxc3 32. Rxc3 Ne5 33. b3 Rc6 34. Kf1 Nd7 35. b4 f6 36. Ke2 Kf7 37. Kd3 e5 38. e4 d4 39. Rc2 g6 40. Kc4 Ke6 41. Ra2 f5 42. Re2 Nb6+ 43. Kb3 Na8 44. Kc4 Nb6+ 45. Kb3 Nd7 46. Kc4 Nb6+ 47. Kb3 Nd7 48. Kc4 1/2-1/2

[Event "Unterfranken-ch HA 48th"]
[Site "Bergrheinfeld"]
[Date "1997.??.??"]
[Round "9"]
[White "Steiner, Sascha"]
[Black "Hinterleitner, Gerhard"]
[Result "0-1"]
[WhiteElo "1742"]
[BlackElo "1875"]
[PlyCount "52"]
[EventDate "1997.03.31"]
[EventType "swiss"]
[EventRounds "9"]
[EventCountry "GER"]
[SourceTitle "EXT 2015"]
[Source "ChessBase"]
[SourceDate "2014.11.20"]
[SourceVersion "1"]
[SourceVersionDate "2014.11.20"]
[SourceQuality "1"]

1. d4 d5 2. c4 e6 3. Nf3 Nf6 4. Bg5 c6 5. cxd5 exd5 6. e3 Qa5+ 7. Nbd2 Ne4 8. Bd3 Bg4 9. 0-0 Nxg5 10. Nb3 Qd8 11. Be2 Nxf3+ 12. Bxf3 Bxf3 13. Qxf3 Be7 14. e4 dxe4 15. Qxe4 0-0 16. Rfe1 Bf6 17. Rad1 Qd5 18. Qf4 Na6 19. Qe3 Rad8 20. Rd2 Nc7 21. Ree2 Rde8 22. Qg3 Rxe2 23. Rxe2 Ne6 24. Rd2 Nxd4 25. Qe3 c5 26. g3 Nf3+ 0-1

[Event "Unterfranken-ch H2 46th"]
[Site "Karlburg"]
[Date "1995.??.??"]
[Round "?"]
[White "Werner, Stefan1"]
[Black "Steiner, Sascha"]
[Result "0-1"]
[WhiteElo "1630"]
[BlackElo "1682"]
[PlyCount "124"]
[EventDate "1995.04.17"]
[EventType "swiss"]
[EventRounds "9"]
[EventCountry "GER"]
[SourceTitle "EXT 2015"]
[Source "ChessBase"]
[SourceDate "2014.11.20"]
[SourceVersion "1"]
[SourceVersionDate "2014.11.20"]
[SourceQuality "1"]

1. e4 e5 2. Nf3 Nc6 3. Bb5 a6 4. Bxc6 bxc6 5. 0-0 d6 6. h3 Nf6 7. Nc3 Be7 8. d4 exd4 9. Nxd4 Bb7 10. Nf5 0-0 11. Bg5 Re8 12. f4 Bc8 13. Nd4 Bd7 14. Qf3 h6 15. Bh4 Nxe4 16. Bxe7 Qxe7 17. Nxe4 Qxe4 18. Qxe4 Rxe4 19. Nb3 Re2 20. Rf2 Rxf2 21. Kxf2 Re8 22. c3 c5 23. Rd1 Ba4 24. Rd2 Bxb3 25. axb3 Rb8 26. Re2 Kf8 27. g4 Rxb3 28. Ke3 c6 29. Kd3 d5 30. Kc2 c4 31. h4 a5 32. g5 h5 33. f5 Rb6 34. f6 gxf6 35. gxf6 c5 36. Re5 d4 37. cxd4 cxd4 38. Rxa5 Kg8 39. Rxh5 Rxf6 40. Rc5 d3+ 41. Kd2 Rf2+ 42. Kd1 Rf4 43. h5 Kg7 44. Kd2 Kh6 45. b4 cxb3 46. Kxd3 Rb4 47. Rc1 Kxh5 48. Kc3 Rb7 49. Kb2 Kg4 50. Rf1 f5 51. Rg1+ Kh3 52. Rf1 Rb5 53. Rh1+ Kg4 54. Rh8 f4 55. Rg8+ Kh3 56. Rf8 Kg3 57. Rg8+ Kf2 58. Rf8 f3 59. Re8 Kf1 60. Rf8 f2 61. Rf7 Re5 62. Kxb3 Ke1 0-1